| 000 | 00725nam a2200229Ia 4500 | ||
|---|---|---|---|
| 001 | 10696 | ||
| 003 | GE_BSU | ||
| 008 | 181216s||||||||xx |||||||||||||| ||und|| | ||
| 040 | _cGE_BSU | ||
| 080 | _a821.353.1-1 | ||
| 100 | _aფხოველი,ჯარჯი | ||
| 245 | _aგული ყველაფერს ხედავს. | ||
| 245 | _bლექსები. | ||
| 245 | _cრედ.ნინო ახალკაცი; მხატვ.კ.ფაჩულია. | ||
| 260 | _aთბილისი. | ||
| 260 | _bმერანი. | ||
| 260 | _c1987. | ||
| 300 | _a183გვ;16სმ. | ||
| 541 | _h5ლ. | ||
| 653 | _aგული ყველაფერს ხედავს. | ||
| 942 | _cBK | ||
| 999 |
_c43947 _d43947 |
||